Your brain and you (Record no. 240821)
[ view plain ]
| 000 -LEADER | |
|---|---|
| fixed length control field | 00668nam a22002297a 4500 |
| 005 - DATE AND TIME OF LATEST TRANSACTION | |
| control field | 20260311143547.0 |
| 008 - FIXED-LENGTH DATA ELEMENTS--GENERAL INFORMATION | |
| fixed length control field | 260127b |||||||| |||| 00| 0 eng d |
| 020 ## - INTERNATIONAL STANDARD BOOK NUMBER | |
| International Standard Book Number | 9781473671317 |
| 040 ## - CATALOGING SOURCE | |
| Transcribing agency | AL |
| 041 ## - LANGUAGE CODE | |
| Language code of text/sound track or separate title | English |
| 082 ## - DEWEY DECIMAL CLASSIFICATION NUMBER | |
| Classification number | 612.8 |
| Item number | HAYY |
| 100 ## - MAIN ENTRY--PERSONAL NAME | |
| Personal name | Nicky Hayes |
| 100 ## - MAIN ENTRY--PERSONAL NAME | |
| 9 (RLIN) | 258536 |
| 245 ## - TITLE STATEMENT | |
| Title | Your brain and you |
| Remainder of title | : a simple guide to neuropsychology |
| 260 ## - PUBLICATION, DISTRIBUTION, ETC. | |
| Name of publisher, distributor, etc. | Teach Yourself |
| Date of publication, distribution, etc. | 2018 |
| 300 ## - PHYSICAL DESCRIPTION | |
| Extent | vii,243p. |
| Other physical details | PB |
| Dimensions | 21.5x14cm. |
| 365 ## - TRADE PRICE | |
| Price type code | IN-9346 |
| Price amount | ₹469.15 |
| Currency code | ₹ |
| Unit of pricing | ₹469.15 |
| Price effective from | 14-01-2026 |
| 650 ## - SUBJECT ADDED ENTRY--TOPICAL TERM | |
| Topical term or geographic name entry element | Neuropsychology |
| 9 (RLIN) | 252778 |
| 650 ## - SUBJECT ADDED ENTRY--TOPICAL TERM | |
| Topical term or geographic name entry element | Psychology |
| 9 (RLIN) | 252781 |
| 650 ## - SUBJECT ADDED ENTRY--TOPICAL TERM | |
| Topical term or geographic name entry element | Brain and behavior |
| 9 (RLIN) | 252782 |
| 700 ## - ADDED ENTRY--PERSONAL NAME | |
| Personal name | Psychol, C |
| 9 (RLIN) | 252779 |
| 942 ## - ADDED ENTRY ELEMENTS (KOHA) | |
| Source of classification or shelving scheme | Dewey Decimal Classification |
| Koha item type | Book |
| Withdrawn status | Lost status | Source of classification or shelving scheme | Damaged status | Not for loan | Collection code | Home library | Current library | Shelving location | Date acquired | Source of acquisition | Cost, normal purchase price | Total Checkouts | Full call number | Barcode | Date last seen | Cost, replacement price | Price effective from | Koha item type |
|---|---|---|---|---|---|---|---|---|---|---|---|---|---|---|---|---|---|---|
| Dewey Decimal Classification | Management | St Aloysius Library | St Aloysius Library | Stack Section | 01/23/2026 | amazon.in | 469.15 | 612.8 HAYY | 078080 | 01/27/2026 | 499.00 | 01/14/2026 | Book |